| 000 | 00669nam a2200157 i 4500 | ||
|---|---|---|---|
| 001 | 40326 | ||
| 003 | ES-MaACL | ||
| 005 | 20230906160208.0 | ||
| 007 | t| | ||
| 008 | 030305s1875 sp ||||1| spa d | ||
| 100 | 1 |
_aCarrasco y Potenciano, Juan. _935576 |
|
| 245 | 1 | 0 |
_aAdios a mis discípulos de segundo año de anatomía descriptiva en el curso académico de 1874 a 1875 _b: memoria... / _cJuan M. Carrasco y Potenciano. |
| 260 |
_aMadrid : _b[s.n.], _c1875 ( _fEst. tip. de R. Labajos) |
||
| 300 |
_a14 p. ; _c21 cm. |
||
| 852 |
_aES-MaACL _jT-351-F-12 _z.- Sello de "Los Escolares Médicos" _z.- Dedicatoria autógrafa del autor a la Sociedad de los Escolares Médicos |
||
| 999 |
_c40326 _d40326 |
||